The Wolf - SIAMES (all lyrics) - Statistics

General Stats
  • This quiz has been taken 6 times
  • The average score is 200 of 230
Answer Stats
Answer % Correct
and
100%
And
100%
but
100%
call
100%
can
100%
can't
100%
'Cause
100%
close,
100%
every
100%
Every
100%
far
100%
feel
100%
for
100%
from
100%
head
100%
hear
100%
heart
100%
hide
100%
Hiding
100%
I
100%
I'm
100%
in
100%
mind
100%
my
100%
no
100%
Not
100%
not
100%
of
100%
Of
100%
old,
100%
out
100%
Out
100%
run,
100%
shade
100%
sunshine
100%
the
100%
too
100%
Wandering
100%
you
100%
young
100%
your
100%
again
50%
Awaiting
50%
away
50%
becomes
50%
crying
50%
day
50%
eyes
50%
flesh
50%
gonna
50%
how
50%
is
50%
lie
50%
make
50%
mine
50%
mistake
50%
more
50%
myself
50%
night
50%
Now
50%
Once
50%
see
50%
trust
50%
truth
50%
what
50%
won't
50%
Ain't
0%
Dancing
0%
Each
0%
fairytale
0%
moonlight
0%
pain
0%
Sneaking
0%
Somewhere
0%
with
0%
No matching quizzes found
Score Distribution
Percent of People with Each Score
Percentile by Number Answered
Your Score History
You have not taken this quiz